Responses for Show #2360 - Friday, December 2, 1994

Missing challenger introductions.

Contestants

[<< previous game]

Leslie Miles, a lobbyist from

Alex Guard, an actor from St. Catharines, Ontario

Kevin Mulhern, a computer programming consultant from Stanhope, New Jersey (whose 2-day cash winnings total $18,601)

[next game >>]

Jeopardy! Round responses

CONTEMPORARIES
FAMOUS AVIATORS
MUSEUMS
U.S. GEOGRAPHY
HINTS FROM HELOISE
THIS & THAT
    $100 6
John Smith

Alex
    $100 16
the Wright brothers

Kevin
    $100 21
Brussels

Leslie
    $100 11
Providence

Kevin
    $100 26
popcorn

Kevin
    $100 1
the log

Alex
    $200 7
Marco Polo

Leslie
    $200 17
Charles Lindbergh

Kevin
    $200 22
(Alex Guard: What is the Imperial City?)

the Forbidden City

KevinAlex
    $200 12
Hawaii

Kevin
    $200 27
toothpaste

Kevin
    $200 2
Gone with the Wind

Alex
    $300 8
James Watt

Triple Stumper
    $300 18
(Kevin: Who is Buzz Aldrin?)

(Neil) Armstrong

KevinAlex
    $300 23
Italy

Leslie
    $300 13
Lake Tahoe

Leslie
    $300 28
carpet

Leslie
    $300 3
soccer

Leslie
    $500 9
Cortes

Leslie
    $400 19
Howard Hughes

Triple Stumper
    $400 24
Delaware

Leslie
    $400 14
New Mexico

Leslie
    $400 29
a sand box

Alex
    $400 4
[ERRATUM: 1498 is the correct year.]

Columbus

Kevin
    $500 10
Buddha

Alex
    $500 20
Chuck Yeager

Leslie
    $500 25
(Alex Guard: What is Puerto Rico?)

Guam

Alex
Triple Stumper
    $500 15
the Olympics

Alex
    $500 30
(Leslie: What is freeze them?)

turn them inside out

Leslie
Triple Stumper
    $500 5
Albania

Alex

Scores at the first commercial break (after clue 15):

Kevin Alex Leslie
$700 $1,900 $1,700

Scores at the end of the Jeopardy! Round:

Kevin Alex Leslie
$1,200 $1,900 $2,800

Double Jeopardy! Round responses

AMERICAN HISTORY
PATRON SAINTS
COMPOSERS' RELATIVES
HEALTH & MEDICINE
ENGLISH LITERATURE
THE UMAYYAD EMPIRE
    $200 1
Arlington

Kevin
    $200 21
hats

Kevin
    $200 12
Mozart

Kevin
    $200 11
malaria

Leslie
    $200 5
Stevenson

Alex
    $200 26
the Strait of Gibraltar

Kevin
    $400 2
John Paul Jones

Kevin
    $1,000 22
(Alex Trebek: The king of France was Louis XV.)

St. Louis

Kevin
    $400 13
Puccini

Kevin
    $2,000 17
(Kevin: What are, I'm guessing, heat stroke and heat prostration.)
...
(Alex Trebek: Heatstroke is not synonymous with the other two, it's more serious.)

heat exhaustion & heat prostration

Kevin
    $400 6
[Leslie did not include the leading article in her response.]

The War of the Worlds

Leslie
    $400 27
Jerusalem

Alex
    $600 3
Reconstruction

Alex
    $600 23
St. Elmo

Leslie
    $600 14
Stravinsky

Kevin
    $600 18
(Leslie: What is mumps?)

measles

Leslie
Triple Stumper
    $600 7
The Canterbury Tales

Kevin
    $600 28
Arabic

Alex
    $800 4
(Alex Trebek: The OSS was the Office of Strategic Studies--Services, sorry.)

the Office of Strategic Services

Triple Stumper
    $800 24
(Alex Trebek: We have about a minute to go.)

St. Valentine

Alex
    $800 15
Rossini

Kevin
    $800 19
(Kevin: What is the liver?)

the gallbladder

KevinAlex
    $800 8
D.H. Lawrence

Alex
    $800 29
taxation

Leslie
    $1000 10
the Grange

Kevin
    $1000 25
Poland

Kevin
    $1000 16
(Alex Trebek: Well done in that category.)
[Applause]

Borodin

Kevin
    $1000 20
(Alex Guard: What is the pituitary gland?)

the thyroid

KevinAlex
    $1000 9
David Copperfield

Kevin
    $1000 30
Damascus

Kevin

Scores at the end of the Double Jeopardy! Round:

Kevin Alex Leslie
$9,000 $5,100 $4,200

[wagering suggestions for these scores]

Final Jeopardy! Round responses

WORLD FACTS
LeslieWhat is?
$4,100
AlexWhat is Leichtenstein
$4,000
KevinWhat is Austria
$2,000
Liechtenstein

Final scores:

Kevin Alex Leslie
$7,000 $9,100 $100
2nd place: Keller bedroom furniture & Magnavox TV/VCR + Jeopardy! Sports Edition for home computer or SNES New champion: $9,100 3rd place: Robert H. Peterson Co brass fireplace accessories + Jeopardy! Sports Edition for home computer or SNES

Game dynamics:

Coryat scores:

Kevin Alex Leslie
$10,400 $5,100 $4,100
24 R
(including 1 DD),
3 W
(including 1 DD)
15 R,
3 W
14 R
(including 1 DD),
2 W

Combined Coryat: $19,600

[game clues] [game scores] [suggest correction]

Game tape date: 1994-09-12
The J! Archive is created by fans, for fans. Scraping, republication, monetization, and malicious use prohibited; this site may use cookies and collect identifying information. See terms. The Jeopardy! game show and all elements thereof, including but not limited to copyright and trademark thereto, are the property of Jeopardy Productions, Inc. and are protected under law. This website is not affiliated with, sponsored by, or operated by Jeopardy Productions, Inc. Join the discussion at JBoard.tv.